Secret of Success and a Happy Heart: Stories of Inspiration (Record no. 26272)

000 -LEADER
fixed length control field 00359nam a2200133Ia 4500
008 - FIXED-LENGTH DATA ELEMENTS--GENERAL INFORMATION
fixed length control field 230413s9999||||xx |||||||||||||| ||und||
020 ## - INTERNATIONAL STANDARD BOOK NUMBER
International Standard Book Number 9781648996160
082 ## - DEWEY DECIMAL CLASSIFICATION NUMBER
Classification number 158.1
Item number C4322
100 ## - MAIN ENTRY--PERSONAL NAME
Personal name Chadha, Vikas
245 #0 - TITLE STATEMENT
Title Secret of Success and a Happy Heart: Stories of Inspiration
260 ## - PUBLICATION, DISTRIBUTION, ETC. (IMPRINT)
Place of publication, distribution, etc Chennai
Name of publisher, distributor, etc Notion Press
Date of publication, distribution, etc 2020
300 ## - PHYSICAL DESCRIPTION
Extent 299 p.
942 ## - ADDED ENTRY ELEMENTS (KOHA)
Item type Books
Holdings
Withdrawn status Lost status Damaged status Not for loan Permanent location Current location Date acquired Source of acquisition Full call number Barcode Date last seen Koha item type
        IMU Kolkata IMU Kolkata 2023-04-13 Gifted by Shailendra S Kathait (6049) 158.1 C4322 G00537 2023-04-13 Books
Designed and Maintained by IMU-KC Library, Kolkata Campus © Copyright All Rights Reserved

webs counters

Powered by Koha